Prieskum verejnej mienky v strategickom plánovaní
Strategické plánovanie na úrovni mesta. Typické rozdelenie procesu strategického plánovania do jednotlivých krokov: Koncepčná a analytická fáza. Návrhová fáza a výber stratégie. Realizačná fáza (uskutočnenie stratégie). V situačnej analýze sa analyzujú všeobecné ekonomické a sociálne trendy a skúma...
Saved in:
| Main Author: | |
|---|---|
| Other Authors: | |
| Format: | Book Chapter |
| Language: | Slovak |
| Subjects: | |
| Tags: |
No Tags, Be the first to tag this record!
|
MARC
| LEADER | 00000naa$a2200000$$$4500 | ||
|---|---|---|---|
| 001 | 0025586 | ||
| 005 | 20231107070648.9 | ||
| 041 | 0 | |a slo | |
| 044 | |a CZ | ||
| 245 | 1 | 0 | |a Prieskum verejnej mienky v strategickom plánovaní |c Oto Hudec, Nataša Urbančíková |
| 520 | |a Strategické plánovanie na úrovni mesta. Typické rozdelenie procesu strategického plánovania do jednotlivých krokov: Koncepčná a analytická fáza. Návrhová fáza a výber stratégie. Realizačná fáza (uskutočnenie stratégie). V situačnej analýze sa analyzujú všeobecné ekonomické a sociálne trendy a skúma sa, ako je mesto schopné sledovať svojím vývojom súčasné a budúce tendencie. Zdroje údajov a obsahová náplň situačnej analýzy. Metodológia dotazníkového prieskumu (príklad mesta Košice). Štruktúra dotazníka. Vízia mesta podľa názorov respondentov. | ||
| 610 | 2 | 0 | |a plánovanie strategické |
| 610 | 2 | 0 | |a Košice |
| 610 | 2 | 0 | |a plánovanie územné |
| 610 | 2 | 0 | |a mienka verejná |
| 610 | 2 | 0 | |a dotazníky |
| 610 | 2 | 0 | |a metodológia |
| 610 | 2 | 0 | |a rozvoj územný |
| 100 | 1 | |a Hudec, Oto | |
| 700 | 1 | |a Urbančíková, Nataša | |